Score 0/153 Timer 12:00
3 Plays Today
% Correct
I
95%
I
95%
I
95%
I
95%
I
95%
I
95%
I
95%
I
95%
I
95%
I
95%
I
95%
I
95%
I
95%
I
95%
I
95%
I
95%
the
90.2%
the
90.2%
the
90.2%
the
90.2%
the
90.2%
the
90.2%
the
90.2%
the
90.2%
a
88.2%
a
88.2%
a
88.2%
crime?
79.7%
perfect
79.5%
is
79.4%
is
79.4%
to
78.1%
to
78.1%
to
78.1%
to
78.1%
to
78.1%
In
76.2%
in
76.2%
in
76.2%
in
76.2%
What
75.9%
my
75.3%
go
72.7%
go
72.7%
go
72.7%
go
72.7%
me.
71.4%
me
71.4%
me
71.4%
me
71.4%
me
71.4%
% Correct
Do
69.6%
No.
68.4%
no.
68.4%
it
68.3%
for
66.3%
for
66.3%
for
66.3%
She
66.1%
her
66%
her
66%
her.
66%
chandelier.
65.3%
chandelier.
65.3%
We
63.8%
Tiffany.
63.5%
Tiffany
63.5%
love
62.7%
and
62.1%
and
62.1%
tell
59.5%
tell
59.5%
into
58.5%
make
58%
It's
57.9%
It's
57.9%
break
57.6%
where
57.3%
where
57.3%
meet
57.1%
meet
57.1%
all
57.1%
all
57.1%
night.
56.7%
don't
55.7%
don't
55.7%
don't
55.7%
have
55%
Tiffany's
54.9%
at
54.7%
of
54.7%
of
54.7%
but
51.7%
Paris
51.4%
priceless.
50.6%
say
50.5%
morning
50%
She's
49.7%
She's
49.7%
She's
49.7%
son,
49.4%
Canada.
48.6%
% Correct
Mexico
47.8%
get
47.6%
never
47.5%
midnight.
46.2%
years
45.8%
years.
45.8%
father's
45.8%
As
45.7%
This
45.6%
tells
45.5%
That's
45.3%
Berlin.
45.3%
Police.
45.2%
woman
45%
stop.
43.9%
vault?
43.6%
lover.
43.1%
another
42.7%
stashed
42.2%
I'm
42.1%
these
41.9%
taken
41.5%
been
41%
waiting
40.6%
care.
40.3%
trust
40.2%
Chief
39.6%
he's
38.6%
like
38.5%
one
38%
business.
36.6%
later
36.2%
by
36.1%
down,
35.6%
come
35.5%
gets
35.4%
their
35.3%
story
35%
up.
34.9%
interesting.
34%
cold.
33.8%
escape
33.7%
taking
33.6%
cops
32.3%
Thirty
32.2%
catches
32%
show
30.9%
postcard.
29.8%
uniforms.
29.8%
Besides,
27.1%
Trocadero.
20.8%

You're not logged in!

Compare scores with friends on all Sporcle quizzes.
OR
Log In

Sporcle TV

Today on Sporcle TV


Watch our educational content, quiz creation guides, and fun videos on Sporcle TV.

Show Comments

Extras

Top Quizzes Today


Score Distribution

Paid Content

Your Account Isn't Verified!

In order to create a playlist on Sporcle, you need to verify the email address you used during registration. Go to your Sporcle Settings to finish the process.

Report this User

Report this user for behavior that violates our Community Guidelines.

Details: